000 00335pab a2200145 454500
008 180718b1983 xxu||||| |||| 00| 0 eng d
100 _aAbrol, Dinesh
245 _aWhither technology policy?
260 _c1983
300 _a65-8
362 _aRepublic Day
650 _aTechnology - India
773 _aMainstream
909 _a19149
999 _c19149
_d19149